000 01013nam a2200217Ia 4500
003 OSt
005 20210210162348.0
008 191128s1960 sp aob gr 000 0 spa d
040 _aCO-JMCR
_cCO-JMCR
041 0 _aspa
082 0 4 _a711 /
_bP348u
_223
100 1 _aPaz Maroto, D. Jose,
_eautor
_913258
245 1 0 _aUrbanismo /
_cD. Jose Paz Maroto y D. Jose Ma. Paz Casañé
260 _aMadrid :
_bEscuela técnica superior de Ingenieros de caminos, canales y puertos,
_c1960
300 _axiv, 582 páginas :
_bilustraciones, fotografías y mapas a blanco y negro ;
_c24 cm.
504 _aBibliografía: páginas 577-579
505 0 _aUrbanismo y técnicas urbanas -- Generalidades de urbanismo -- Evolución histórica del urbanismo -- Crecimiento de ciudades y planes urbanos -- Planes urbanos -- Preparación de proyectos de urbanización -- Planos, estructuras y desarrollos urbanos -- Siste
650 1 4 _aUrbanismo
_913259
700 1 _aPaz Casañé, D. José Ma.,
_eautor
_913260
942 _2ddc
_cBK
999 _c6151
_d6151